| 000 | 00995nam a2200289 a 4500 | ||
|---|---|---|---|
| 001 | 37271 | ||
| 003 | UkOxU | ||
| 005 | 20211209052608.0 | ||
| 008 | 920114s1995 enk 001 0 eng d | ||
| 020 | _a0851986757 | ||
| 020 | _a0851987435 (v.2) | ||
| 035 | _aCURL 020000605316(Edi) from agbc399 | ||
| 040 |
_aBD-RjUL _beng _cBD-RjUL |
||
| 041 | _aeng | ||
| 082 |
_a632.9 _bPES 1995 |
||
| 100 | 1 |
_aHamilton, Chris J. _9114181 |
|
| 245 | 1 | 0 |
_aPest management : _ba directory of information sources / _ccompiled by C.J. Hamilton _n Vol.2, _pAnimal health. |
| 260 |
_aWallingford : _bCAB International, _cc1995 |
||
| 300 |
_a290 p. ; _c24 cm |
||
| 504 | _aIncludes index. | ||
| 505 | 1 | _aContents: Vol. 1. Crop protection -- v. 2. Animal health | |
| 650 | 0 |
_aPests _xControl _xBibliography _9114182 |
|
| 650 | 0 |
_aPlant diseases _xControl _xBibliography _9114183 |
|
| 650 | 0 |
_aWeeds _xControl _xBibliography _9114184 |
|
| 650 | 0 |
_aAgricultural pests _xControl _xBibliography _9114185 |
|
| 942 |
_2ddc _cBK |
||
| 999 |
_c37271 _d37271 |
||